NJ Municipalities - Warren County - Statistics

General Stats
  • This quiz has been taken 397 times
  • The average score is 13 of 22
Answers on the Map
Answers color-coded by a green-red scale on the quiz's map according to % correct below.
 
Answer Stats
Answer % Correct
Alpha
77%
Washington Borough
77%
Lopatcong Township
73%
Phillipsburg
73%
Hackettstown
71%
Pohatcong Township
71%
Hardwick Township
65%
Belvidere
64%
Independence Township
64%
Hope Township
61%
Allamuchy Township
59%
Harmony Township
59%
Liberty Township
59%
White Township
59%
Washington Township
58%
Blairstown
56%
Frelinghuysen Township
56%
Franklin Township
52%
Knowlton Township
52%
Oxford Township
48%
Mansfield Township
44%
Greenwich Township
33%
No matching quizzes found
Score Distribution
Percent of People with Each Score
Percentile by Number Answered
Your Score History
You have not taken this quiz